| 000 | 01240nam0a22002531 4500 | ||
|---|---|---|---|
| 001 | rc\1017057 | ||
| 005 | 20041129102429.1 | ||
| 035 | _a(NLR Aleph) 006182110 | ||
| 090 |
_a6076666 _c6076666 |
||
| 100 | _a20041129d1981 u |0rusy50 ca | ||
| 101 | 0 | _arus | |
| 102 | _aRU | ||
| 105 | _aa ||||||||| | ||
| 200 | 1 |
_aМетодическая разработка по курсу "Анализ музыкальных произведений" ("Сонато-симфонический цикл") _eДля учащихся, студентов и преподавателей учеб. заведений искусств _fМ-во культуры БССР, Респ. метод. каб. по учеб. заведениям искусств _g[Щербо Т.А., к. иск., доц.] |
|
| 210 |
_aМинск _cБ. и. _d1981 |
||
| 215 |
_a46 с. _cнот. ил. _d20 |
||
| 320 | _aБиблиогр.: с. 44-45 | ||
| 702 | 1 |
_aЩербо _bТ. А. _gТамара Александровна _4220 |
|
| 712 | 0 | 2 |
_aБелорусский респ. метод. кабинет по учеб. заведениям искусств _cМинск |
| 801 | 0 |
_aRU _bNLR _gpsbo |
|
| 801 | 1 |
_aRU _bELAR _2rusmarc |
|
| 852 |
_aNLR _j82-4/5490 |
||
| 942 | _cBOOK | ||
| 980 | _aNB | ||